00706cam a2200205 a 450000100060000000300080000600500170001400800410003103500190007204000400009104100080013108200290013910000490016824500900021726000540030730000300036150400510039160000340044270000240047625930BD-RjUL20211209050940.0140319r19491929enkc b 001 0deng d a(BD-RjUL)26000 aNZOCbengcNZOCdNZOCdANLdBD-RjUL aeng04a954.035092222bANM 19491 aAndrews, C. F.q(Charles Freer),d1871-1940.10aMahatma Gandhi's ideas :bincluding selections from his writings /cby C. F. Andrews. aLondon :bAllen & Unwin,c1929. [Impression 1949] a382 p. :bport. ;c23 cm. aIncludes bibliographical references and index.00aGandhi,cMahatma,d1869-1948.1 aAlexander, Horace G